La americana : (Registro nro. 22370)

Detalles MARC
000 -LEADER
campo de control de longitud fija 00643nam a2200217 i 4500
001 - NÚMERO DE CONTROL
campo de control 22370
003 - IDENTIFICADOR DE NÚMERO DE CONTROL
campo de control ES-MaACL
005 - FECHA Y HORA DE LA ÚLTIMA TRANSACCIÓN
campo de control 20230906152701.0
007 - CAMPO FIJO DE DESCRIPCIÓN FÍSICA--INFORMACIÓN GENERAL
campo de control de longitud fija t|
008 - DATOS DE LONGITUD FIJA--INFORMACIÓN GENERAL
campo de control de longitud fija 021202s1962 sp ||||1| spa d
080 ## - NÚMERO DE LA CLASIFICACIÓN DECIMAL UNIVERSAL
Número de la Clasificación Decimal Universal 304-055.2(73)
100 1# - ENTRADA PRINCIPAL--NOMBRE DE PERSONA
Nombre de persona Aldenhoff, M.
9 (RLIN) 19639
245 13 - MENCIÓN DEL TÍTULO
Título La americana :
Resto del título (la mujer en el mundo) /
Mención de responsabilidad, etc. por M. Aldenhoff, F.O. Connor.
250 ## - MENCION DE EDICION
Mención de edición 1ª ed.
260 ## - PUBLICACIÓN, DISTRIBUCIÓN, ETC.
Lugar de publicación, distribución, etc. Barcelona :
Nombre del editor, distribuidor, etc. AHR,
Fecha de publicación, distribución, etc. 1962.
300 ## - DESCRIPCIÓN FÍSICA
Extensión 345 p., [16] p. de lám. ;
Dimensiones 22 cm.
650 #4 - PUNTO DE ACCESO ADICIONAL DE MATERIA--TÉRMINO DE MATERIA
Término de materia o nombre geográfico como elemento de entrada Mujeres-
Subdivisión geográfica Estados Unidos-
Subdivisión general Situación social.
9 (RLIN) 163506
700 1# - ENTRADA AGREGADA--NOMBRE PERSONAL
Nombre de persona Connor, F. O.
9 (RLIN) 40208
852 4# - LOCALIZACIÓN
Ubicación ES-MaACL
Número de control de estantería C-23481
852 4# - LOCALIZACIÓN
Ubicación ES-MaACL
Número de control de estantería C-35544
Existencias
Estatus retirado Estado de pérdida Estado de daño No para préstamo Biblioteca de origen Biblioteca actual Ubicación en estantería Fecha de adquisición Fuente de adquisición Total de préstamos Signatura topográfica completa Código de barras Visto por última vez Precio de reemplazo Tipo de ítem Koha
        Biblioteca del Ateneo de Madrid Biblioteca del Ateneo de Madrid Depósito 2 17/01/2008     C-35544 1023028 23/02/2023 23/02/2023 Libro impreso
        Biblioteca del Ateneo de Madrid Biblioteca del Ateneo de Madrid Depósito 2 17/01/2008     C-23481 1023027 23/02/2023 23/02/2023 Libro impreso